000 00413nam a2200145Ia 4500
008 230917s9999||||xx |||||||||||||| ||und||
040 _e36914
_aMAIN
041 _aEnglish
082 _a954.03 A47L
100 _aAdiseshiah, Malcolm S
245 0 _aLet my country awake: The human role in development thoughts on next ten years
260 _aNew Delhi
_bOrient Longman
_c1970
300 _a375 p.
942 _cBK
999 _c150659
_d150659